[Event "Tenerife op 23rd"]
[Site "Tenerife"]
[Date "2012.12.20"]
[Round "6"]
[White "Dominguez Afonso, Ayraldo"]
[Black "Almenares Garcia, Mario Adrian"]
[Result "0-1"]
[WhiteElo "1441"]
[BlackElo "2014"]
[PlyCount "64"]
[EventDate "2012.12.13"]
[EventType "swiss"]
[EventRounds "9"]
[EventCountry "ESP"]
[SourceTitle "CBM 152 Extra"]
[Source "ChessBase"]
[SourceDate "2013.02.25"]
[SourceVersion "1"]
[SourceVersionDate "2013.02.25"]
[SourceQuality "1"]

1. e4 Nf6 2. e5 Nd5 3. d4 d6 4. c4 Nb6 5. f4 g6 6. Nf3 Bg7 7. Nc3 0-0 8. Be2 Be6 9. b3 Na6 10. 0-0 c5 11. Be3 cxd4 12. Bxd4 Nb4 13. exd6 Bxd4+ 14. Nxd4 Qxd6 15. Ndb5 Qc5+ 16. Qd4 Nd7 17. Rad1 Nc2 18. Qxc5 Nxc5 19. Rd2 Ne3 20. Rf3 Nf5 21. Nc7 Rad8 22. Nxe6 fxe6 23. Rd1 Nd4 24. Re3 Rxf4 25. b4 Nxe2+ 26. Rxe2 Rxd1+ 27. Nxd1 Nd3 28. a3 Rxc4 29. Rd2 Ne5 30. Ne3 Rc3 31. Nc2 Nc4 32. Re2 e5 0-1